Central Library OPAC University of Rajshahi

Resource mobilization in local Government institution in Bangladesh : (Record no. 81239)

MARC details
000 -LEADER
fixed length control field 01038nam a22002537a 4500
001 - CONTROL NUMBER
RUCL Control Number 81239
003 - CONTROL NUMBER IDENTIFIER
rucl marc code BD-RjUL
005 - DATE AND TIME OF LATEST TRANSACTION
control field 20231115112445.0
008 - FIXED-LENGTH DATA ELEMENTS--GENERAL INFORMATION
fixed length control field 230215s2012 bg a|||| m||| 00| 0 eng d
035 ## - SYSTEM CONTROL NUMBER
system control number (BD-RjUL)81239
040 ## - CATALOGING SOURCE
Original cataloging agency BD-RjUL
Language of cataloging eng
Transcribing agency BD-RjUL
Modifying agency BD-RjUL
041 ## - LANGUAGE CODE
Language code of Book eng
082 ## - DEWEY DECIMAL CLASSIFICATION NUMBER
DDC Edition number 23
Classification number 320.854922
Author mark and Year FAR 2012
100 ## - MAIN ENTRY--PERSONAL NAME
Personal name Faruki, Muhammad. Jakir, Al
9 (RLIN) 7009
245 10 - TITLE STATEMENT
Title Resource mobilization in local Government institution in Bangladesh :
Remainder of title A Study in a selected area of Rajbari District /
Statement of responsibility, etc Muhammad. Jakir Al Faruki.
Name of Supervisor/Co-Supervisor Suoervisor : Md. Faizar Rahman.
260 ## - PUBLICATION, DISTRIBUTION, ETC. (IMPRINT)
Place of publication, distribution, etc Rajshahi :
Name of publisher, distributor, etc Department of Sociology, University of Rajshahi,
Date of publication, distribution, etc 2012.
300 ## - PHYSICAL DESCRIPTION
Pagination xvii, 247 leaves :
Other physical details ill, ;
Dimensions 29.cm.
502 ## - DISSERTATION NOTE
Dissertation note Thesis (M. Phil.) -- Department of Sociology, University of Rajshahi, 2012
504 ## - BIBLIOGRAPHY, ETC. NOTE
Bibliography, etc References : Leaves 240 - 247
650 ## - SUBJECT ADDED ENTRY--TOPICAL TERM
Topical term or geographic name as entry element Local Government
Form subdivision Political science
Geographic subdivision Bangladesh
9 (RLIN) 7010
Topical term or geographic name as entry element Politics and Government
Geographic subdivision Rajbari
9 (RLIN) 7011
700 ## - ADDED ENTRY--SUPERVISOR/CO-SUPERVISOR NAME
Personal name Rahman, Md. Faizar, Suoervisor
9 (RLIN) 7012
942 ## - ADDED ENTRY ELEMENTS (KOHA)
Source of classification or shelving scheme Dewey Decimal Classification
Koha item type Theses
Holdings
Source of classification or shelving scheme Damaged status Not for loan Collection code Permanent Location Current Location Shelving location Date of accession Source of acquisition Full call number Barcode Date last seen Copy number Thesis
Dewey Decimal Classification   Not For Loan Theses Central Library, University of Rajshahi Central Library, University of Rajshahi Documentation Section 29/10/2013 Controller of Exam. R.U. THE 320.854922 FAR 2012 D3594 15/02/2023 C-1 Theses